000 00476pab a2200169 454500
008 180718b2005 xxu||||| |||| 00| 0 eng d
100 _aBandyopadhyay, Saurabh
245 _aIndia emerging as world economic superpower: an alternative approach
260 _c2005
300 _ap.57-70.
362 _aJul-Sep
650 _aEconomic growth - India
650 _aEconomic growth
700 _aBiswas, Pradip Kumar
773 _aThe Indian Economic Journal
909 _a72410
999 _c72410
_d72410